000 00914cam a2200217 a 4500
001 000001719
005 20200929145656.0
008 810311s1945 cu a r 000 0 spa d
040 _aDO-SdBNP
_bspa
_cBNPHU
082 _a923.591
_bM141c
110 1 _aCuba.
_tArchivo Nacional.
_95592
245 1 0 _aAntonio Maceo :
_bdocumentos para su vida /
_cprefacio Julian Martínez Castells.
260 _aLa Habana :
_b[Talleres del Archivo Nacional de Cuba],
_c1945.
300 _a184 p. :
_bil. ;
_c27 cm.
490 1 _aPublicaciones del Archivo Nacional de Cuba,
_v7
500 _a"Homenaje del Archivo Nacional de Cuba al Lugarteniente General del Ejército Libertador en el centenario de su nacimiento 1845-1945".
600 1 0 _aMACEO, ANTONIO,
_d1845-1896.
_95593
651 4 _aCuba
_xHistoria
_xFuentes
_95594
700 1 _aMartínez Castells, Julian.
_95595
830 0 _aPublicaciones del Archivo Nacional de Cuba,
_n7
_95596
999 _c1597
_d1597